00476nam a2200157Ia 450000500170000000800410001708200130005810000170007124500270008826000370011530000170015265000290016994200060019895200990020499900150030320250323152428.0240331s9999 xx 000 0 und d bPONa894 aPonnaiyan, T 0aNaam enn eluthukintrom aColombobMeera pathippagamc2004 avi. 118 p ., aKalai Illakkiya Kadoorai cL 001040708LaWERCLbWERCLcSSCd2024-03-31l0o 894.811 PONp1814r2024-03-31w2024-03-31yL c4071d4071